| Tag |
First Indicator |
Second Indicator |
Subfields |
| LEADER |
00000cam a2200000 4500 |
| 001 |
in00000053894 |
| 005 |
20151008050910.0 |
| 008 |
750908s1954 sz 00000 eng |
| 010 |
|
|
|a 55001328
|
| 035 |
|
|
|a (OCoLC)01609481
|
| 035 |
|
|
|9 AAG4132AM
|
| 040 |
|
|
|a DLC
|c FNP
|d TXA
|d UtOrBLW
|
| 049 |
|
|
|a TXAM
|c [247824]
|
| 050 |
|
0 |
|a HC240
|b .S83
|
| 082 |
0 |
|
|a 330.94
|
| 092 |
|
|
|a 330.94
|b S968g
|
| 100 |
1 |
|
|a Svennilson, Ingvar,
|d 1908-
|
| 245 |
1 |
0 |
|a Growth and stagnation in the European economy.
|
| 264 |
|
1 |
|a Geneva :
|b United Nations Economic Commission for Europe,
|c 1954.
|
| 300 |
|
|
|a xvi, 342 pages :
|b diagrams, tables. ;
|c 28 cm.
|
| 336 |
|
|
|a text
|b txt
|2 rdacontent
|
| 337 |
|
|
|a unmediated
|b n
|2 rdamedia
|
| 338 |
|
|
|a volume
|b nc
|2 rdacarrier
|
| 500 |
|
|
|a "United Nations publication. Sale no: 1954. II.E.S."
|
| 651 |
|
0 |
|a Europe
|x Economic conditions.
|
| 999 |
|
|
|a MARS
|
| 999 |
f |
f |
|s f214e95b-d058-385c-9c38-75b9e9f36a8e
|i ea2ddeeb-7388-3171-b19c-0dd74ace63a3
|t 0
|
| 952 |
f |
f |
|p ric
|a Texas A&M University
|b Rellis Campus
|c Joint Library Facility
|d Remote Storage
|t 0
|e HC240 .S83
|h Library of Congress classification
|i unmediated -- volume
|m A14800700372
|
| 998 |
f |
f |
|a HC240 .S83
|t 0
|l Remote Storage
|